109 bài tập C, C++, C++5 DOS và Windows

Đã lưu trong:
Sonraí Bibleagrafaíochta
Príomhúdar: Hoàng Minh Trung
Formáid: Leabhar
Teanga:Undetermined
Foilsithe: Tp. HCM Thống Kê 2000
Ábhair:
Clibeanna: Cuir Clib Leis
Gan Chlibeanna, Bí ar an gcéad duine leis an taifead seo a chlibeáil!
Thư viện lưu trữ: Trung tâm Học liệu Trường Đại học Cần Thơ
LEADER 00629nam a2200193Ia 4500
001 CTU_36194
008 210402s9999 xx 000 0 und d
020 |c 18000 
082 |a 005.133 
082 |b Tr513 
100 |a Hoàng Minh Trung 
245 0 |a 109 bài tập C, C++, C++5 DOS và Windows 
245 0 |c Hoàng Minh Trung 
260 |a Tp. HCM 
260 |b Thống Kê 
260 |c 2000 
650 |a C ( computer program language ),C++ ( computer program language ),Dos ( computer programs ),Windows ( computer programs ) 
904 |i Minh, 000420 
980 |a Trung tâm Học liệu Trường Đại học Cần Thơ